LEADER 01132nam0 22002771i 450 001 UON00107616 005 20231205102622.299 100 $a20020107d1974 |0itac50 ba 101 $aeng 102 $aUN 105 $a|||| 1|||| 200 1 $aˆA ‰Bibliography of Maltese (1953-1973)$fGiovanni Mangion 210 $a[Napoli]$cG.Macchiaroli$d[1974] 215 $aP. [611]-641$d25 cm 300 $aEstr. da: XIV Congresso internazionale di linguistica e filologia romanza, Napoli, 15-20 aprile, 1974, Atti. 606 $aBIBLIOGRAFIA PORTOGHESE$3UONC040197$2FI 620 $aIT$dNapoli$3UONL000012 686 $aMLT I$cOPERE INTERDISCIPLINARI - GUIDE$2A 700 1$aMANGION$bGiovanni$3UONV067604$0323587 712 $aMacchiaroli editore$3UONV257869$4650 801 $aIT$bSOL$c20240220$gRICA 899 $aSIBA - SISTEMA BIBLIOTECARIO DI ATENEO$2UONSI 912 $aUON00107616 950 $aSIBA - SISTEMA BIBLIOTECARIO DI ATENEO$dSI MLT I 009 (Misc. b) $eSI SA 45585 5 009 (Misc. b) 996 $aBibliography of Maltese (1953-1973$91218879 997 $aUNIOR